[Event "Wroclaw Anderssen Memorial op-B"]
[Site "Wroclaw"]
[Date "2023.??.??"]
[Round "6"]
[White "Latacz, Grzegorz"]
[Black "Miklaszewicz, Michal"]
[Result "0-1"]
[WhiteElo "1685"]
[BlackElo "1806"]
[PlyCount "66"]
[EventDate "2023.08.06"]
[EventType "swiss"]
[EventRounds "9"]
[EventCountry "POL"]
[SourceTitle "EXT 2024"]
[Source "ChessBase"]
[SourceDate "2023.10.10"]
[SourceVersion "1"]
[SourceVersionDate "2023.10.10"]
[SourceQuality "1"]

1. d4 Nf6 2. c4 c5 3. d5 b5 4. cxb5 a6 5. bxa6 e6 6. Nc3 exd5 7. Nxd5 Be7 8. Nxe7 Qxe7 9. e3 0-0 10. Nf3 Rxa6 11. Bxa6 Bxa6 12. Ng1 Qe4 13. f3 Qh4+ 14. g3 Qh5 15. Kf2 Bb7 16. Kg2 Nc6 17. Bd2 Re8 18. Rc1 Qd5 19. Bc3 Qxa2 20. e4 d5 21. exd5 Nxd5 22. Qd3 Ncb4 23. Bxb4 Nxb4 24. Qc3 Qd5 25. Qxc5 Qd2+ 26. Kh3 Nd3 27. Qc2 Qh6+ 28. Kg2 Nxc1 29. Kf1 Qe3 30. Nh3 Qxf3+ 31. Nf2 Nd3 32. Qxd3 Qxd3+ 33. Nxd3 Bxh1 0-1

[Event "Polanica Zdroj op-B 44th"]
[Site "Polanica Zdroj"]
[Date "2008.08.25"]
[Round "7"]
[White "Nojszewski, Adam"]
[Black "Miklaszewicz, Michal"]
[Result "1-0"]
[WhiteElo "1995"]
[BlackElo "1815"]
[PlyCount "43"]
[EventDate "2008.08.19"]
[EventType "swiss"]
[EventRounds "10"]
[EventCountry "POL"]
[SourceTitle "CBM 126 Extra"]
[Source "ChessBase"]
[SourceDate "2008.11.05"]
[SourceVersion "1"]
[SourceVersionDate "2008.11.05"]
[SourceQuality "1"]

1. d4 Nf6 2. e3 g6 3. c4 Bg7 4. Nc3 0-0 5. g3 d5 6. cxd5 Nxd5 7. Bg2 Nxc3 8. bxc3 c5 9. Ne2 Qa5 10. 0-0 Nc6 11. Bd2 cxd4 12. cxd4 Qh5 13. Nf4 Qxd1 14. Raxd1 e5 15. d5 Ne7 16. Bb4 Re8 17. d6 Nc6 18. Nd5 Nxb4 19. Nxb4 Rd8 20. Nd5 Bf8 21. d7 Bxd7 22. Nf6+ 1-0

[Event "Polanica Zdroj op-C 44th"]
[Site "Polanica Zdroj"]
[Date "2008.08.24"]
[Round "6"]
[White "Adamczewski, Jedrzej"]
[Black "Miklaszewicz, Michal"]
[Result "0-1"]
[WhiteElo "1645"]
[BlackElo "1815"]
[PlyCount "68"]
[EventDate "2008.08.19"]
[EventType "swiss"]
[EventRounds "9"]
[EventCountry "POL"]
[SourceTitle "CBM 126 Extra"]
[Source "ChessBase"]
[SourceDate "2008.11.05"]
[SourceVersion "1"]
[SourceVersionDate "2008.11.05"]
[SourceQuality "1"]

1. e4 c5 2. Nf3 e6 3. d4 cxd4 4. Nxd4 Nf6 5. Nc3 Nc6 6. Nxc6 bxc6 7. e5 Nd5 8. Ne4 Ba6 9. Bxa6 Qa5+ 10. Bd2 Qxa6 11. Nd6+ Bxd6 12. exd6 0-0 13. b3 c5 14. c4 Nf6 15. Bf4 Rfc8 16. Qd2 Rc6 17. 0-0-0 Ne4 18. Qe3 f5 19. f3 Qxa2 20. fxe4 Rb8 21. Qd2 Qa1+ 22. Kc2 Qa2+ 23. Kc1 Qxb3 24. Qc2 Qa3+ 25. Kd2 Rb2 26. Ra1 Qb4+ 27. Kd3 Rxc2 28. Kxc2 Qxc4+ 29. Kd2 Qd4+ 30. Ke2 Qxe4+ 31. Be3 f4 32. Rhf1 Qxe3+ 33. Kd1 Rxd6+ 34. Kc2 Rd2+ 0-1

[Event "Polanica Zdroj op-C 44th"]
[Site "Polanica Zdroj"]
[Date "2008.08.22"]
[Round "4"]
[White "Tymcio, Mariusz"]
[Black "Miklaszewicz, Michal"]
[Result "0-1"]
[WhiteElo "1684"]
[BlackElo "1815"]
[PlyCount "64"]
[EventDate "2008.08.19"]
[EventType "swiss"]
[EventRounds "9"]
[EventCountry "POL"]
[SourceTitle "CBM 126 Extra"]
[Source "ChessBase"]
[SourceDate "2008.11.05"]
[SourceVersion "1"]
[SourceVersionDate "2008.11.05"]
[SourceQuality "1"]

1. e4 c5 2. Nf3 Nc6 3. d4 cxd4 4. Nxd4 Nf6 5. Nc3 e5 6. Nf5 d5 7. Bg5 d4 8. Bxf6 gxf6 9. Ne2 Qb6 10. Qc1 Bxf5 11. exf5 Rc8 12. g3 Qa5+ 13. Qd2 Nb4 14. c3 Qd5 15. Rg1 Nxa2 16. Bg2 Qb3 17. Be4 dxc3 18. bxc3 Nxc3 19. Qc2 Qxc2 20. Bxc2 Nxe2 21. Ba4+ Ke7 22. Kxe2 Bh6 23. Rab1 Rc7 24. Rb4 Rd8 25. Rd1 Rxd1 26. Kxd1 Bf8 27. Bc2 Kd7 28. Ra4 a6 29. Kc1 Kc6 30. Rc4+ Kb6 31. Rxc7 Kxc7 32. Kb2 b5 0-1

[Event "Polanica Zdroj op-B 44th"]
[Site "Polanica Zdroj"]
[Date "2008.08.20"]
[Round "2"]
[White "Kowalik, Pawel"]
[Black "Miklaszewicz, Michal"]
[Result "0-1"]
[WhiteElo "1893"]
[BlackElo "1815"]
[PlyCount "61"]
[EventDate "2008.08.19"]
[EventType "swiss"]
[EventRounds "10"]
[EventCountry "POL"]
[SourceTitle "CBM 126 Extra"]
[Source "ChessBase"]
[SourceDate "2008.11.05"]
[SourceVersion "1"]
[SourceVersionDate "2008.11.05"]
[SourceQuality "1"]

1. c4 Nf6 2. Nc3 g6 3. d4 Bg7 4. e4 d6 5. h3 0-0 6. Bd3 e5 7. d5 a5 8. Bg5 h6 9. Be3 Na6 10. Qd2 Kh7 11. Nge2 Nd7 12. g4 Ndc5 13. Bc2 Qh4 14. 0-0-0 f5 15. gxf5 gxf5 16. exf5 Bxf5 17. Bxf5+ Rxf5 18. Qc2 e4 19. Ng3 Re5 20. Bd4 Nb4 21. Qd2 Nbd3+ 22. Kb1 Rg5 23. Bxg7 Kxg7 24. Rdg1 Rf8 25. Ncxe4 Nxe4 26. Qxd3 Nxf2 27. Qc3+ Kg8 28. Rh2 Ne4 29. Qd4 Rxg3 30. Re1 Rf4 31. Ka1 0-1

[Event "Lubawka op 2nd"]
[Site "Lubawka"]
[Date "2007.07.09"]
[Round "5"]
[White "Miklaszewicz, Michal"]
[Black "Walas, Aleksandra"]
[Result "0-1"]
[WhiteElo "1799"]
[BlackElo "1884"]
[PlyCount "96"]
[EventDate "2007.07.07"]
[EventType "swiss"]
[EventRounds "9"]
[EventCountry "POL"]
[SourceTitle "CBM 119 Extra"]
[Source "ChessBase"]
[SourceDate "2007.09.04"]
[SourceVersion "1"]
[SourceVersionDate "2007.09.04"]
[SourceQuality "1"]

1. e4 Nc6 2. Nf3 d5 3. exd5 Qxd5 4. Nc3 Qa5 5. Bb5 Bd7 6. 0-0 a6 7. Bc4 Nf6 8. d3 Bg4 9. Ne4 0-0-0 10. Nxf6 gxf6 11. Bf4 Nd4 12. Qe1 Nxf3+ 13. gxf3 Qxe1 14. Rfxe1 Bxf3 15. Bxf7 e5 16. Bg3 h5 17. h4 Bc5 18. a3 Rh7 19. Be6+ Kb8 20. Bf5 Rg7 21. Be4 Bxe4 22. Rxe4 Rxg3+ 23. Kh2 Rg4 24. Rxg4 hxg4 25. Kg3 f5 26. Rh1 Rh8 27. h5 Kc8 28. c3 Bd6 29. Kh4 Be7+ 30. Kg3 Rg8 31. h6 f4+ 32. Kg2 Rh8 33. h7 Kd7 34. b4 Ke6 35. a4 Kf5 36. Rh5+ Bg5 37. b5 a5 38. c4 Kg6 39. Rh1 Rxh7 40. Rb1 Kf5 41. b6 c6 42. Rd1 f3+ 43. Kg1 Re7 44. Kh2 Bf4+ 45. Kg1 g3 46. fxg3 Bxg3 47. Kf1 Rh7 48. d4 Rh1# 0-1

[Event "Niederschlesien-ch op"]
[Site "Wroclaw"]
[Date "2007.06.27"]
[Round "6"]
[White "Iwanow, Anna"]
[Black "Miklaszewicz, Michal"]
[Result "1/2-1/2"]
[WhiteElo "1887"]
[BlackElo "1795"]
[PlyCount "151"]
[EventDate "2007.06.25"]
[EventType "swiss"]
[EventRounds "9"]
[EventCountry "POL"]
[SourceTitle "EXT 2011"]
[Source "ChessBase"]
[SourceDate "2010.11.26"]
[SourceVersion "1"]
[SourceVersionDate "2010.11.26"]
[SourceQuality "1"]

1. e4 d5 2. exd5 Qxd5 3. Nc3 Qd6 4. d4 Nf6 5. Nf3 a6 6. Bd3 g6 7. Bg5 Nbd7 8. Qd2 Bg7 9. 0-0-0 b5 10. h4 Bb7 11. Qe3 e6 12. Bf4 Qb6 13. Rhe1 0-0 14. Rh1 c5 15. dxc5 Qxc5 16. Qd2 b4 17. Nb1 Bd5 18. Be3 Qc6 19. h5 Nxh5 20. Bh6 Bxf3 21. gxf3 Bxh6 22. Qxh6 Qxf3 23. Nd2 Qf4 24. Rxh5 Qxh6 25. Rxh6 Kg7 26. Rdh1 Rh8 27. Be4 Rad8 28. Bf3 Ne5 29. Be2 a5 30. Ne4 f6 31. Nc5 Rd6 32. f4 Nf7 33. R6h3 h5 34. Rg1 h4 35. Bc4 e5 36. Ne6+ Rxe6 37. Bxe6 exf4 38. Bxf7 Kxf7 39. Kd2 g5 40. c4 bxc3+ 41. bxc3 Kg6 42. c4 f5 43. Rgh1 Rb8 44. Kc3 f3 45. c5 g4 46. Rxh4 Kg5 47. R4h2 g3 48. Rh5+ Kf4 49. R5h4+ Ke3 50. Rd1 g2 51. Rh3 Kf4 52. Rd4+ Kg5 53. Rg3+ Kf6 54. Rf4 Rb1 55. Rfxf3 g1Q 56. Rxg1 Rxg1 57. Kd4 Rd1+ 58. Kc4 Rd2 59. a4 Ke5 60. Kb5 Rc2 61. Rf1 f4 62. c6 Kd5 63. Rd1+ Ke4 64. Kb6 f3 65. Kb7 Rb2+ 66. Kc8 f2 67. c7 Ke3 68. Kd8 Rd2+ 69. Rxd2 Kxd2 70. c8Q f1Q 71. Qd7+ Qd3 72. Kc7 Qxd7+ 73. Kxd7 Kc3 74. Kc6 Kb4 75. Kd5 Kxa4 76. Kc4 1/2-1/2

[Event "Wroclaw Polonia op-A 2nd"]
[Site "Wroclaw"]
[Date "2007.04.19"]
[Round "3"]
[White "Lorek, Milosz"]
[Black "Miklaszewicz, Michal"]
[Result "1/2-1/2"]
[WhiteElo "1852"]
[BlackElo "1795"]
[PlyCount "83"]
[EventDate "2007.04.18"]
[EventType "swiss"]
[EventRounds "9"]
[EventCountry "POL"]
[SourceTitle "EXT 2011"]
[Source "ChessBase"]
[SourceDate "2010.11.26"]
[SourceVersion "1"]
[SourceVersionDate "2010.11.26"]
[SourceQuality "1"]

1. e4 c5 2. Nf3 e6 3. d4 cxd4 4. Nxd4 Nf6 5. Bd3 Nc6 6. Nxc6 bxc6 7. c4 Bb4+ 8. Bd2 Bxd2+ 9. Nxd2 0-0 10. e5 Ne8 11. Qc2 f5 12. 0-0 d6 13. exd6 Qxd6 14. c5 Qf4 15. g3 Qc7 16. Bc4 Nf6 17. Qxf5 Nd5 18. Qe4 Qe7 19. Nb3 a5 20. a4 Rb8 21. Bxd5 cxd5 22. Qc2 Qf6 23. Rab1 Ba6 24. Rfe1 Rxb3 25. Qxb3 Qxf2+ 26. Kh1 Be2 27. Rxe2 Qxe2 28. Qd1 Qe4+ 29. Kg1 Qe3+ 30. Kh1 Qxc5 31. Qe2 Qc6 32. Re1 d4+ 33. Qe4 Qxa4 34. Qxe6+ Kh8 35. Qe7 Ra8 36. Qd6 h6 37. Rf1 Qc4 38. Rd1 Qb3 39. Qxd4 Rb8 40. Ra1 Qxb2 41. Qxb2 Rxb2 42. Rxa5 1/2-1/2